| 000 | 00000nam 2200000zi 4500 |
| 001 | 9.872707 |
| 003 | CaOODSP |
| 005 | 20221107163719 |
| 006 | m o d f |
| 007 | cr |n||||||||| |
| 008 | 190509s2018 onco |o f|0| 0 eng d |
| 040 | |aCaOODSP|beng|erda|cCaOODSP |
| 043 | |an-cn--- |
| 086 | 1 |aA52-12835/2018E-PDF |
| 245 | 00|aFood processing facility : |bGuelph Research and Development Centre. |
| 264 | 1|a[Ottawa] : |bAgriculture and Agri-Food Canada = Agriculture et Agroalimentaire Canada, |c[2018] |
| 264 | 4|c©2018 |
| 300 | |a1 online resource (2 unnumbered pages) : |bcolor pictures. |
| 336 | |atext|btxt|2rdacontent |
| 337 | |acomputer|bc|2rdamedia |
| 338 | |aonline resource|bcr|2rdacarrier |
| 500 | |aIssued also in French under title: Installation de transformation des aliments : Centre de recherche et de développement de Guelph. |
| 500 | |aCaption title. |
| 520 | |a"Agriculture and Agri-Food Canada's (AAFC) Guelph Research and Development Centre (GRDC) is home to a unique pilot-scale food research facility that is helping Canada continue to be a leader in food safety and food process engineering research"--Page [1]. |
| 692 | 07|2gccst|aFood processing |
| 692 | 07|2gccst|aResearch and development |
| 710 | 1 |aCanada. |bAgriculture and Agri-Food Canada. |
| 775 | 08|tInstallation de transformation des aliments : |w(CaOODSP)9.873461 |
| 856 | 40|qPDF|s259 KB|uhttps://publications.gc.ca/collections/collection_2019/aac-aafc/A52-12835-2018-eng.pdf |
| 986 | |aAAFC No. 12835E |